Une lettre suffit pour répondre juste #50 (attention 10 lettres tuent) - Statistiques

Statistiques générales
  • Ce quiz a été pris 55 fois
  • Le résultat moyen est 3 sur 6
Statistiques - réponses
Hint Réponse % Correct
Donne une des 5 lettres qui compose le nom de la ville française qui comptait 47 092 habitants en 2022 dans le 41 BLOIS
98%
Donne une des 4 lettres qui complète ce qui désigne un zonard, un type de marginal errant, apparu dans les années 1980 et généralement accompagné de chiens, nommé en référence à un mouvement des années 1970-1980 : _ _ _ _ à chien PUNK
83%
Donne une des 3 lettres qui complète le nom de l'onde provoquée par un mouvement rapide d'un grand volume d'eau, d'origine météorologique ou sismique : _ _ _ -de-marée RAZ
77%
Donne une des 2 lettres du domaine internet de la Suisse à part .swiss : .?? CH
40%
Donne la lettre dont le graphème majuscule est le même que celui de l'upsilon de l'alphabet grec Y
19%
Donne la première lettre du prénom et nom du footballeur dans cet extrait
D (Désiré Doué)
13%
Aucun quiz correspondant
Distribution des résultats
% des personnes avec chaque résultat
Percentile par nombre de réponses
Votre historique - résultats
Vous n’avez pas pris ce quiz